MARC

LEADER 00000nlm0a2200000 4500
001 662634
005 20231228120954.0
035 |a (RuTPU)RU\TPU\network\33789 
035 |a RU\TPU\network\33788 
090 |a 662634 
100 |a 20200917d2013 m y0rusy50 ca 
101 0 |a rus 
102 |a RU 
105 |a a j 001zy 
135 |a drcn ---uucaa 
200 1 |a Кураторский час  |e интернет-блог   |f Национальный исследовательский Томский политехнический университет; сост. Е. Я. Бельская 
210 |a Томск  |d 2013- 
606 1 |a Учебно-воспитательная работа в высших учебных заведениях  |2 stltpush  |3 (RuTPU)RU\TPU\subj\63494  |9 80518 
610 1 |a электронный ресурс 
610 1 |a труды учёных ТПУ 
610 1 |a кураторская деятельность 
610 1 |a кураторы 
610 1 |a кураторство 
610 1 |a блоги 
686 |a Ч481я73  |2 rubbk 
702 1 |a Бельская  |b Е. Я.  |c ведущий эксперт Томского политехнического университета, кандидат педагогических наук  |f 1969-  |g Елена Якубовна  |3 (RuTPU)RU\TPU\pers\30380  |4 220  |9 14724 
712 0 2 |a Национальный исследовательский Томский политехнический университет  |b Институт развития стратегического партнерства и компетенций  |b Отдел организации практик и трудоустройства  |3 (RuTPU)RU\TPU\col\19055 
801 1 |a RU  |b 63413507  |c 20141202 
801 2 |a RU  |b 63413507  |c 20201006  |g RCR 
856 4 |u http://kurshas.blogspot.com/ 
942 |c CF